000 00463nam a22002057a 4500
003 OSt
008 230328b |||||||| |||| 00| 0 eng d
020 _a9789356064911
082 _a658
_bROM
100 _aROBBINS, Stephen P
245 _aManagement
250 _a15th Ed
260 _aUP
_bPearson
_c2023
300 _a658
650 _aManagement
700 _aCOULTER,Mary
700 _aRANDEL,Amy
700 _aVISWANATHAN,Rajeesh
942 _2ddc
_cREF
999 _c11918
_d11918